| 000 | 01190cam a2200385 a 4500 | ||
|---|---|---|---|
| 001 | 89498 | ||
| 003 | ARRUPE | ||
| 005 | 20150828114451.0 | ||
| 008 | 820720s1982 enka b 001 0 eng | ||
| 010 | _a 81010042/AC | ||
| 020 | _a0521240646 | ||
| 020 | _a0521284147 (pbk.) | ||
| 035 | _a(OCoLC)7578020 | ||
| 035 | _a(OCoLC)ocm07578020 | ||
| 035 | _a(CStRLIN)NYCG82-B32093 | ||
| 035 | _a(NNC)89498 | ||
| 040 |
_dNNC _cArrupe |
||
| 050 | 0 |
_aBF441 _b.J8 1982 |
|
| 082 | 0 |
_a153.4/6 _219 |
|
| 090 |
_aBF441 _b.J8 1982 |
||
| 245 | 0 | 0 |
_aJudgment under uncertainty : _bheuristics and biases / _cedited by Daniel Kahneman, Paul Slovic, Amos Tversky. |
| 260 |
_aCambridge ; _aNew York : _bCambridge University Press, _cc1982. |
||
| 300 |
_axiii, 555 p. : _bill. ; _c24 cm. |
||
| 500 | _aIncludes index. | ||
| 500 | _aIssued with various printing dates. | ||
| 504 | _aBibliography: p. [521]-551. | ||
| 650 | 0 |
_aJudgment. _98681 |
|
| 700 | 1 |
_aKahneman, Daniel, _d1934- _919192 |
|
| 700 | 1 |
_aSlovic, Paul, _d1938- _919193 |
|
| 700 | 1 |
_aTversky, Amos. _919194 |
|
| 942 |
_2lcc _cMONOGRAPH |
||
| 948 | 2 |
_a20081229 _ba _crad1 _dMPS |
|
| 948 | 2 |
_a20141029 _ba _cink2 _dMPS |
|
| 999 |
_c123196 _d123196 |
||